00849 a2200181 45000010006000000050017000060080041000230030015000640400040000790800022001192450057001410200018001982640075002163000018002915050328003090410008006371000022006456037220260407155854.0260407a1999 arg spa dAR-UNSa-BCEJYS aAR-UNSa-BCEJYSbspacAR-UNSa-BCEJYS a657xContabilidad10aLas especialidades contablespUn análisis integral a950-23-0903-0 1aBuenos Aires :bEUDEBA (Editorial Universitaria de Buenos Aires)c1999 a37 p.c23 cm. a1. La contabilidad - 2. El entorno económico y la contabilidad - 3. Las especialidades contables - 4. La contabilidad legal - 5. La contabilidad de costos - 6. La contabilidad de gestión - 7. La contabilidad directiva - 8. La contabilidad de decisiones especiales - 9. Algunas cuestiones de la información contable -  aspa1 aHelouani, Rubén